00690nam a2200181 a 450000100100000000500170001000800410002702000150006804000250008308200150010810000300012324500680015326000740022130000210029549000590031650000740037583000590044900004203220201002035909.0131111s1973 sp 000 0 spa d a8400038800 aDO-SdBNPbspacBNPHU axxxbT693c1 aTorres Ramírez, Bibiano13aLa compañía gaditana de negros /cBibiano Torres Ramírez. aSevilla :bConsejo Superior de Investigaciones Cientiíficas,c1973. a227 p. ;c19 cm.1 aEscuela de Estudios Hispano-Americanos de Sevillav227 aIncluye referencias bibliográficas y notas al pie de las páginas. 0aEscuela de Estudios Hispano-Americanos de Sevillan227